| 000 | 01360nam a2200277Ia 4500 | ||
|---|---|---|---|
| 999 |
_c53004 _d53004 |
||
| 001 | 20035 | ||
| 003 | GE_BSU | ||
| 005 | 20250410120949.0 | ||
| 008 | 181216s2011||||ge |||||||||||||| ||geo|| | ||
| 020 | _a978-9941-19-371-2 | ||
| 040 | _cGE_BSU | ||
| 041 | _ageo | ||
| 080 | _a821.353.1-31 + 821.353.1-32 დ-90 | ||
| 100 |
_aდუმბაძე, ნოდარ (1928-1984) _924747 |
||
| 245 |
_aრჩეული ნაწარმოებები : 6 ტომად. [ტ. 3] : _bმზიანი ღამე. მოთხრობები / _cნოდარ დუმბაძე ; სარედ. ჯგუფი: ზურაბ აბაშიძე, მანანა ჯანელიძე, ირმა ხარშილაძე. |
||
| 264 |
_aთბილისი : _bპალიტრა L, _c2011. |
||
| 300 |
_a424 გვ. ; _c19 სმ. |
||
| 541 | _h8 ლ. | ||
| 653 | _aმზიანი ღამე | ||
| 653 | _aმოთხრობები | ||
| 653 | _aრჩეული ნაწარმოებები | ||
| 700 |
_aაბაშიძე, ზურაბ _eრედაქტორი _91322 |
||
| 700 |
_aჯანელიძე, მანანა _eრედაქტორი _91323 |
||
| 700 |
_aხარშილაძე, ირმა _eრედაქტორი _924748 |
||
| 942 |
_cBK _2udc |
||